Từ điển Anh - Việt : Trên 95000 mục từ và định nghĩa song ngữ Anh - Anh - Việt
Zapisane w:
| Korporacja: | |
|---|---|
| Format: | Książka |
| Język: | Undetermined |
| Wydane: |
Hà Nội
Văn hóa Thông tin
2002
|
| Hasła przedmiotowe: | |
| Etykiety: |
Dodaj etykietę
Nie ma etykietki, Dołącz pierwszą etykiete!
|
| Thư viện lưu trữ: | Trung tâm Học liệu Trường Đại học Cần Thơ |
|---|
| LEADER | 00639nam a2200205Ia 4500 | ||
|---|---|---|---|
| 001 | CTU_93969 | ||
| 008 | 210402s9999 xx 000 0 und d | ||
| 020 | |c 45000 | ||
| 082 | |a 423.95922 | ||
| 082 | |b N532 | ||
| 110 | |a The New Word English | ||
| 245 | 0 | |a Từ điển Anh - Việt : | |
| 245 | 0 | |b Trên 95000 mục từ và định nghĩa song ngữ Anh - Anh - Việt | |
| 245 | 4 | |c The New Word English | |
| 260 | |a Hà Nội | ||
| 260 | |b Văn hóa Thông tin | ||
| 260 | |c 2002 | ||
| 650 | |a English language,Vietnamese language | ||
| 904 | |i Năm | ||
| 980 | |a Trung tâm Học liệu Trường Đại học Cần Thơ | ||